Ashley Eckstein Filmography - Statistics

General Stats
  • This quiz has been taken 2 times
  • The average score is 2 of 10
Answer Stats
Hint Answer % Correct
2008 Star Wars: The Clone Wars
100%
2019 The Rise of Skywalker
50%
2007 Alice Upside Down
0%
2003 Ancient Warriors
0%
2016 Black Widow Inspired Workout Presented by Her Universe and Fierce Lotus
0%
2016 DC Super Hero Girls: Hero of the Year
0%
2018 LEGO DC Super Hero Girls: Super-villain High
0%
2003 Prey For Rock and Roll
0%
2007 Sydney White
0%
2002 The Brady Bunch in the White House
0%
No matching quizzes found
Score Distribution
Percent of People with Each Score
Percentile by Number Answered
Your Score History
You have not taken this quiz